000 00190 a2200097 4500
020 _a9788424133337
041 _aspa
100 _aHilda perera
245 _aTomasin y el Cerdito
942 _cK
999 _c31004
_d31002